[Event "8th London Classic 2016"]
[Site "London ENG"]
[Date "2016.12.09"]
[Round "1.2"]
[White "Caruana, Fabiano"]
[Black "Anand, Viswanathan"]
[Result "1/2-1/2"]
[WhiteTitle "GM"]
[BlackTitle "GM"]
[WhiteElo "2823"]
[BlackElo "2779"]
[WhiteFideId "2020009"]
[BlackFideId "5000017"]
[EventDate "2016.12.09"]

1. c4 e5 2. Nc3 Bb4 3. Nd5 Bc5 4. Nf3 c6 5. Nc3 d6 6. g3 Nf6 7. Bg2 O-O 8. O-O
Re8 9. d3 h6 10. Na4 Bb4 11. a3 Ba5 12. b4 Bc7 13. e4 Bg4 14. h3 Bxf3 15. Qxf3
Nbd7 16. Qd1 a6 17. Nc3 Bb6 18. Ne2 a5 19. Bb2 Qe7 20. Kh2 axb4 21. axb4 Rxa1
22. Qxa1 h5 23. Kh1 h4 24. g4 Nh7 25. f4 Be3 26. Bc3 c5 27. bxc5 Nxc5 28. Qb1
Ra8 29. d4 exd4 30. Nxd4 Bxd4 31. Bxd4 Rc8 32. Ba1 Nf6 33. e5 dxe5 34. Bxe5 Nfd7
35. Bc3 Qe3 36. Ba1 Re8 37. Qb2 Nf6 38. Qd4 b6 39. Qxe3 Rxe3 40. Bd4 Rd3 41. Bf2
Rc3 42. Bxh4 Rd3 43. Bf2 Rc3 44. Bh4 1/2-1/2

[Event "8th London Classic 2016"]
[Site "London ENG"]
[Date "2016.12.09"]
[Round "1.3"]
[White "Kramnik, Vladimir"]
[Black "Topalov, Veselin"]
[Result "1-0"]
[WhiteTitle "GM"]
[BlackTitle "GM"]
[WhiteElo "2809"]
[BlackElo "2760"]
[WhiteFideId "4101588"]
[BlackFideId "2900084"]
[EventDate "2016.12.09"]

1. Nf3 d5 2. g3 g6 3. Bg2 Bg7 4. d4 Nf6 5. O-O O-O 6. c4 c5 7. dxc5 dxc4 8. Na3
c3 9. Nb5 cxb2 10. Bxb2 Bd7 11. Qb3 Bc6 12. Rfd1 Qc8 13. Rac1 Nbd7 14. Nbd4 Bd5
15. Qa3 Re8 16. c6 Nb6 17. c7 Nc4 18. Qb4 Nxb2 19. Qxb2 b6 20. Qa3 e6 21. Nb5
Bf8 22. Qb2 Bg7 23. Qd2 Qd7 24. a4 Ne4 25. Qf4 a6 26. Qxe4 axb5 27. Qd3 f5 28.
Ng5 1-0

[Event "8th London Classic 2016"]
[Site "London ENG"]
[Date "2016.12.09"]
[Round "1.5"]
[White "Aronian, Levon"]
[Black "Adams, Michael"]
[Result "1-0"]
[WhiteTitle "GM"]
[BlackTitle "GM"]
[WhiteElo "2785"]
[BlackElo "2748"]
[WhiteFideId "13300474"]
[BlackFideId "400041"]
[EventDate "2016.12.09"]

1. e4 e5 2. Nf3 Nc6 3. Bc4 Bc5 4. d3 Nf6 5. c3 d6 6. Bg5 h6 7. Bh4 a6 8. Nbd2
Ba7 9. Bb3 Qe7 10. Nc4 Be6 11. Ne3 g5 12. Bg3 O-O-O 13. Ba4 Nb8 14. Qc2 Bxe3 15.
fxe3 Nh5 16. Bf2 f5 17. exf5 Bxf5 18. Qe2 Bxd3 19. Qxd3 e4 20. Qd4 c5 21. Qd1
exf3 22. Qxf3 Nf6 23. Bc2 Nbd7 24. O-O-O Ne5 25. Qe2 Qe6 26. Bg3 Qxa2 27. Rhf1
Nd5 28. Bxe5 dxe5 29. Bb1 Qb3 30. Bc2 Qa2 31. Qg4+ Kb8 32. Qe4 Nb6 33. Qxe5+ Ka8
34. Rxd8+ Rxd8 35. Qf6 Nc4 36. Qxd8+ Ka7 37. Qd3 Nxb2 38. Qf5 Qa1+ 39. Kd2 Nc4+
40. Ke2 Qxc3 41. Qxc5+ 1-0

[Event "8th London Classic 2016"]
[Site "London ENG"]
[Date "2016.12.10"]
[Round "2.1"]
[White "Kramnik, Vladimir"]
[Black "Aronian, Levon"]
[Result "1/2-1/2"]
[WhiteTitle "GM"]
[BlackTitle "GM"]
[WhiteElo "2809"]
[BlackElo "2785"]
[WhiteFideId "4101588"]
[BlackFideId "13300474"]
[EventDate "2016.12.09"]

1. Nf3 d5 2. g3 Nf6 3. Bg2 e6 4. O-O Be7 5. c4 O-O 6. b3 b6 7. Nc3 Bb7 8. d4
Nbd7 9. Bb2 Rc8 10. cxd5 Nxd5 11. Nxd5 Bxd5 12. Qd3 c5 13. e4 Bb7 14. Rad1 cxd4
15. Nxd4 Nf6 16. Qe2 Qe8 17. a3 a5 18. Rfe1 Bc5 19. Nb5 Qe7 20. e5 Bxg2 21. exf6
Qb7 22. Nd6 Bxd6 23. Rxd6 Bh1 24. f3 Qxf3 25. Qd2 Qg2+ 26. Qxg2 Bxg2 27. fxg7
Rfe8 28. Re2 Bf3 29. Rf2 Be4 30. Re2 Bf3 31. Rf2 Be4 32. Re2 1/2-1/2

[Event "8th London Classic 2016"]
[Site "London ENG"]
[Date "2016.12.10"]
[Round "2.3"]
[White "So, Wesley"]
[Black "Adams, Michael"]
[Result "1-0"]
[WhiteTitle "GM"]
[BlackTitle "GM"]
[WhiteElo "2794"]
[BlackElo "2748"]
[WhiteFideId "5202213"]
[BlackFideId "400041"]
[EventDate "2016.12.09"]

1. d4 Nf6 2. c4 e6 3. g3 d5 4. Bg2 Be7 5. Nf3 O-O 6. O-O dxc4 7. Qc2 a6 8. a4
Bd7 9. Qxc4 Bc6 10. Bg5 a5 11. Nc3 Ra6 12. Qd3 Rb6 13. Qc2 h6 14. Bd2 Bb4 15.
Rfe1 Bxf3 16. Bxf3 Nc6 17. e3 e5 18. Bxc6 exd4 19. Bf3 dxc3 20. bxc3 Bc5 21.
Rab1 Rd6 22. Red1 b6 23. c4 Qe7 24. Bc3 Rfd8 25. Bb2 Qe6 26. Rxd6 Rxd6 27. Rd1
Rxd1+ 28. Qxd1 Bd6 29. Qd4 Qe8 30. Bd1 Qc6 31. Bc2 Kf8 32. e4 Bc5 33. Qd8+ Ne8
34. Qd5 Qg6 35. Kg2 Ke7 36. f4 c6 37. Qd3 Nc7 38. f5 Qg5 39. Be5 Ne6 40. fxe6 1-0

[Event "8th London Classic 2016"]
[Site "London ENG"]
[Date "2016.12.10"]
[Round "2.4"]
[White "Topalov, Veselin"]
[Black "Caruana, Fabiano"]
[Result "0-1"]
[WhiteTitle "GM"]
[BlackTitle "GM"]
[WhiteElo "2760"]
[BlackElo "2823"]
[WhiteFideId "2900084"]
[BlackFideId "2020009"]
[EventDate "2016.12.09"]

1. e4 e6 2. d4 d5 3. e5 c5 4. c3 Nc6 5. Nf3 Bd7 6. Be2 Nge7 7. h4 Qb6 8. Na3
cxd4 9. cxd4 Nb4 10. h5 h6 11. Bd2 a6 12. Bc3 Nec6 13. Rh3 O-O-O 14. Kf1 Kb8 15.
Qd2 f6 16. exf6 gxf6 17. Rg3 Be8 18. Nh4 Bd6 19. Rg7 e5 20. dxe5 fxe5 21. Ng6
Bxg6 22. hxg6 e4 23. Rf7 Rhg8 24. g7 Ka7 25. Qxh6 Nd3 26. Bxd3 exd3 27. Re1 Bc5
28. Re6 Rc8 29. Qg5 Bd4 30. Re1 Bxc3 31. bxc3 Qb2 32. Nb1 Rce8 33. Qd2 Rxe1+ 34.
Qxe1 d4 35. Nd2 dxc3 36. Nc4 Re8 37. Rxb7+ Qxb7 38. Qxe8 Qb1+ 0-1

[Event "8th London Classic 2016"]
[Site "London ENG"]
[Date "2016.12.11"]
[Round "3.2"]
[White "Caruana, Fabiano"]
[Black "Kramnik, Vladimir"]
[Result "1/2-1/2"]
[WhiteTitle "GM"]
[BlackTitle "GM"]
[WhiteElo "2823"]
[BlackElo "2809"]
[WhiteFideId "2020009"]
[BlackFideId "4101588"]
[EventDate "2016.12.09"]

1. e4 e5 2. Nf3 Nc6 3. Bc4 Bc5 4. c3 Nf6 5. d3 O-O 6. a4 d5 7. exd5 Nxd5 8. a5
a6 9. O-O b5 10. axb6 Nxb6 11. Bb3 Bf5 12. Bc2 Qd7 13. Qe2 Rfd8 14. Nxe5 Qe6 15.
d4 Bxc2 16. Qxc2 Bxd4 17. Nf3 Be5 18. Bg5 f6 19. Be3 Nc4 20. Re1 Rab8 21. Bc1 a5
22. Ra4 Qd5 23. Nbd2 Nb6 24. Rae4 a4 25. Rh4 Qd3 26. Qxd3 Rxd3 27. Nc4 Nxc4 28.
Rxc4 a3 29. Rxc6 axb2 30. Bxb2 Rxb2 31. Nxe5 fxe5 32. Rxc7 Rdd2 33. Rc8+ Kf7 34.
Rc7+ Kf6 35. Rf1 h6 36. h4 e4 37. h5 Rb5 38. Ra1 Rd6 39. Kf1 Rxh5 40. Raa7 Rh1+
41. Ke2 g5 42. Rf7+ Kg6 43. g4 Rdd1 44. Rg7+ Kf6 45. Rgf7+ Kg6 46. Rg7+ Kf6 1/2-1/2

[Event "8th London Classic 2016"]
[Site "London ENG"]
[Date "2016.12.11"]
[Round "3.5"]
[White "Adams, Michael"]
[Black "Giri, Anish"]
[Result "1/2-1/2"]
[WhiteTitle "GM"]
[BlackTitle "GM"]
[WhiteElo "2748"]
[BlackElo "2771"]
[WhiteFideId "400041"]
[BlackFideId "24116068"]
[EventDate "2016.12.09"]

1. e4 c5 2. Nf3 d6 3. Bb5+ Nd7 4. d4 cxd4 5. Qxd4 a6 6. Bxd7+ Bxd7 7. Nc3 e5 8.
Qd3 Rc8 9. O-O h6 10. Nd2 Qc7 11. Rd1 Bg4 12. f3 Be6 13. Nf1 Nf6 14. Ne3 Be7 15.
a4 O-O 16. Bd2 Rfd8 17. Be1 d5 18. Nexd5 Bxd5 19. exd5 Bb4 20. Kh1 Bxc3 21. Qxc3
Qxc3 22. Bxc3 Nxd5 23. Bxe5 Ne3 24. Rxd8+ Rxd8 25. Rc1 f6 26. Bc3 Nxc2 27. Kg1
Nd4 28. Kf2 Nb3 29. Re1 Nc5 30. Re7 b6 31. a5 bxa5 32. Bxa5 Rb8 33. Bc3 Nd3+ 34.
Ke2 Nxb2 35. Re4 Rc8 36. Bxb2 Rc2+ 37. Ke3 Rxb2 38. g4 Rb3+ 39. Kf4 Kf7 40. Ra4
Rb6 41. h4 g6 42. h5 g5+ 43. Ke4 Re6+ 44. Kd4 Ke7 45. Ra5 Kd7 46. Kc4 Kc7 47.
Kb4 Rc6 48. Rf5 Re6 49. Kc4 Kb7 50. Kb4 Kb6 51. Rd5 Rc6 52. Rf5 Rd6 53. Kc4 a5
54. Kb3 Ka6 55. Kb2 Rb6+ 56. Ka3 Rc6 57. Kb2 Kb6 58. Kb3 Rd6 59. Kb2 Ka6 60. Kb3
Rb6+ 61. Ka3 Kb7 62. Ka4 1/2-1/2

[Event "8th London Classic 2016"]
[Site "London ENG"]
[Date "2016.12.12"]
[Round "4.1"]
[White "Giri, Anish"]
[Black "So, Wesley"]
[Result "1/2-1/2"]
[WhiteTitle "GM"]
[BlackTitle "GM"]
[WhiteElo "2771"]
[BlackElo "2794"]
[WhiteFideId "24116068"]
[BlackFideId "5202213"]
[EventDate "2016.12.09"]

1. d4 Nf6 2. Nf3 d5 3. Bf4 c5 4. e3 Nc6 5. Nbd2 e6 6. c3 cxd4 7. exd4 Nh5 8. Bg5
f6 9. Be3 Bd6 10. g3 O-O 11. Bg2 f5 12. Ne5 f4 13. Qxh5 fxe3 14. fxe3 Nxe5 15.
dxe5 Bc5 16. Rf1 Bxe3 17. Rxf8+ Qxf8 18. Qf3 Qxf3 19. Nxf3 Bd7 20. Rd1 Rf8 21.
c4 Bc6 22. Nd4 Bxd4 23. Rxd4 Rf5 24. g4 Rxe5+ 25. Kf2 Kf7 26. b4 Ke7 27. b5 Bd7
28. b6 dxc4 29. Rxc4 axb6 30. Rc7 Rb5 31. Rxb7 Kd6 32. Kg3 h6 33. Rb8 Rb2 34.
Bf3 b5 35. a4 b4 36. a5 Rb3 37. Kg2 Bc6 38. Bxc6 Kxc6 39. a6 Ra3 40. Rxb4 Rxa6
41. h4 e5 42. Kf3 Kd5 43. Rb5+ Ke6 44. Rb7 Kf6 45. g5+ hxg5 46. hxg5+ Kg6 47.
Re7 Ra5 48. Ke3 Rb5 49. Kf3 Rb3+ 50. Kf2 Rb5 51. Kf3 Rd5 52. Ke3 e4 53. Kxe4
Rxg5 54. Kf3 Kh5 55. Re1 Rg4 56. Rh1+ Kg5 1/2-1/2

[Event "8th London Classic 2016"]
[Site "London ENG"]
[Date "2016.12.12"]
[Round "4.3"]
[White "Caruana, Fabiano"]
[Black "Aronian, Levon"]
[Result "1/2-1/2"]
[WhiteTitle "GM"]
[BlackTitle "GM"]
[WhiteElo "2823"]
[BlackElo "2785"]
[WhiteFideId "2020009"]
[BlackFideId "13300474"]
[EventDate "2016.12.09"]

1. e4 e5 2. Nf3 Nc6 3. Bb5 a6 4. Ba4 Nf6 5. d3 b5 6. Bb3 Be7 7. a4 b4 8. Nbd2
Bc5 9. Nf1 d6 10. Ng3 Nd4 11. Nxd4 Bxd4 12. O-O O-O 13. Rb1 Rb8 14. c3 Ba7 15.
d4 Be6 16. Bxe6 fxe6 17. Be3 bxc3 18. bxc3 Rxb1 19. Qxb1 Ng4 20. h3 Nxe3 21.
fxe3 Qg5 22. Kh2 a5 23. Rxf8+ Kxf8 24. Qb7 Bb6 25. Qc8+ Kf7 26. Qd7+ Qe7 27. Qb5
g6 28. Nf1 Qg5 29. Nd2 Qxe3 30. Qd7+ Kf8 31. Qd8+ 1/2-1/2

[Event "8th London Classic 2016"]
[Site "London ENG"]
[Date "2016.12.12"]
[Round "4.4"]
[White "Anand, Viswanathan"]
[Black "Adams, Michael"]
[Result "1/2-1/2"]
[WhiteTitle "GM"]
[BlackTitle "GM"]
[WhiteElo "2779"]
[BlackElo "2748"]
[WhiteFideId "5000017"]
[BlackFideId "400041"]
[EventDate "2016.12.09"]

1. e4 e5 2. Nf3 Nc6 3. Bc4 Bc5 4. c3 Nf6 5. d3 d6 6. O-O h6 7. Re1 O-O 8. Nbd2
Ne7 9. Bb3 Ng6 10. d4 Bb6 11. Nc4 Be6 12. h3 c6 13. dxe5 dxe5 14. Ncxe5 Nxe5 15.
Nxe5 Re8 16. Qxd8 Raxd8 17. Bc2 g5 18. Nf3 g4 19. Nd4 gxh3 20. gxh3 Bxh3 21. Re3
Bg4 22. Rg3 Bc7 23. f4 h5 24. e5 Nd5 25. Bf5 Bb6 26. Bxg4 hxg4 27. Rxg4+ Kf8 28.
Bd2 Ke7 29. Kf2 Nxc3 30. bxc3 Rxd4 31. cxd4 Bxd4+ 32. Be3 1/2-1/2

[Event "8th London Classic 2016"]
[Site "London ENG"]
[Date "2016.12.13"]
[Round "5.1"]
[White "So, Wesley"]
[Black "Anand, Viswanathan"]
[Result "1/2-1/2"]
[WhiteTitle "GM"]
[BlackTitle "GM"]
[WhiteElo "2794"]
[BlackElo "2779"]
[WhiteFideId "5202213"]
[BlackFideId "5000017"]
[EventDate "2016.12.09"]

1. d4 Nf6 2. c4 e6 3. Nf3 d5 4. Nc3 Nbd7 5. Bf4 dxc4 6. e3 b5 7. Nxb5 Bb4+ 8.
Nc3 Nd5 9. a3 Nxc3 10. Qd2 Bxa3 11. Qxc3 Bd6 12. Bxd6 cxd6 13. Bxc4 O-O 14. O-O
Bb7 15. Be2 Qb6 16. Rfc1 Rfc8 17. Qa3 Bxf3 18. Bxf3 Rab8 19. h4 Rxc1+ 20. Rxc1
Qxb2 21. Qxb2 Rxb2 22. Rc7 Nf8 23. Rxa7 d5 24. Ra8 g6 25. g3 h5 26. g4 hxg4 27.
Bxg4 Kg7 28. h5 gxh5 29. Bxh5 Ng6 30. Bxg6 Kxg6 1/2-1/2

[Event "8th London Classic 2016"]
[Site "London ENG"]
[Date "2016.12.13"]
[Round "5.4"]
[White "Aronian, Levon"]
[Black "Giri, Anish"]
[Result "1/2-1/2"]
[WhiteTitle "GM"]
[BlackTitle "GM"]
[WhiteElo "2785"]
[BlackElo "2771"]
[WhiteFideId "13300474"]
[BlackFideId "24116068"]
[EventDate "2016.12.09"]

1. g3 d5 2. Nf3 g6 3. Bg2 Bg7 4. d4 Nf6 5. O-O O-O 6. c4 dxc4 7. Na3 c5 8. Nxc4
Be6 9. b3 Nc6 10. Bb2 cxd4 11. Nxd4 Nxd4 12. Bxd4 b6 13. Rc1 Rc8 14. Rc2 b5 15.
Ne3 Rxc2 16. Nxc2 Qa5 17. Qa1 Qd2 18. Qd1 Qa5 19. Qa1 Qd2 20. Qd1 Qa5 1/2-1/2

[Event "8th London Classic 2016"]
[Site "London ENG"]
[Date "2016.12.15"]
[Round "6.1"]
[White "Topalov, Veselin"]
[Black "So, Wesley"]
[Result "0-1"]
[WhiteTitle "GM"]
[BlackTitle "GM"]
[WhiteElo "2760"]
[BlackElo "2794"]
[WhiteFideId "2900084"]
[BlackFideId "5202213"]
[EventDate "2016.12.09"]

1. e4 e5 2. Nf3 Nc6 3. Bc4 Bc5 4. c3 Nf6 5. d3 a6 6. a4 d6 7. Bg5 Ba7 8. Nbd2 h6
9. Bh4 g5 10. Bg3 O-O 11. O-O Nh7 12. h3 h5 13. d4 exd4 14. Nxd4 g4 15. hxg4
hxg4 16. Nxc6 bxc6 17. e5 d5 18. Be2 Qg5 19. a5 f5 20. exf6 Nxf6 21. Ra4 Rf7 22.
Re1 Nh5 23. Bxg4 Nxg3 24. Re8+ Kg7 25. Rxc8 Bxf2+ 26. Kh2 Qe5 27. Kh3 Ne2 0-1

[Event "8th London Classic 2016"]
[Site "London ENG"]
[Date "2016.12.15"]
[Round "6.2"]
[White "Kramnik, Vladimir"]
[Black "Adams, Michael"]
[Result "1/2-1/2"]
[WhiteTitle "GM"]
[BlackTitle "GM"]
[WhiteElo "2809"]
[BlackElo "2748"]
[WhiteFideId "4101588"]
[BlackFideId "400041"]
[EventDate "2016.12.09"]

1. d4 Nf6 2. Nf3 d5 3. e3 e6 4. Bd3 b6 5. O-O Bb7 6. Nbd2 Bd6 7. Qe2 Ne4 8. b3
O-O 9. Bb2 Nd7 10. c4 a5 11. Rfd1 Qe7 12. Rac1 a4 13. Nf1 axb3 14. axb3 Ra2 15.
Bb1 Rxb2 16. Qxb2 Ba3 17. Qc2 c5 18. cxd5 Bxd5 19. N3d2 Ndf6 20. f3 Nxd2 21.
Nxd2 g6 22. e4 Bb7 23. Nc4 Bxc1 24. Qxc1 Rd8 25. dxc5 Qxc5+ 26. Kh1 Rxd1+ 27.
Qxd1 Kg7 28. Qd2 Ba6 29. Ne3 Bb5 30. Nc2 h5 31. h4 Nd7 32. b4 Qe7 33. g3 Qf6 34.
Nd4 e5 35. Nxb5 Qxf3+ 36. Qg2 Qd1+ 37. Qg1 Qf3+ 38. Qg2 Qd1+ 39. Qg1 Qf3+ 1/2-1/2

[Event "8th London Classic 2016"]
[Site "London ENG"]
[Date "2016.12.15"]
[Round "6.4"]
[White "Anand, Viswanathan"]
[Black "Giri, Anish"]
[Result "1/2-1/2"]
[WhiteTitle "GM"]
[BlackTitle "GM"]
[WhiteElo "2779"]
[BlackElo "2771"]
[WhiteFideId "5000017"]
[BlackFideId "24116068"]
[EventDate "2016.12.09"]

1. e4 c5 2. Nf3 d6 3. d4 cxd4 4. Nxd4 Nf6 5. Nc3 a6 6. h3 e6 7. g4 Be7 8. g5
Nfd7 9. h4 b5 10. a3 Bb7 11. Be3 Nc6 12. Qd2 O-O 13. O-O-O Nc5 14. f3 Rb8 15.
Rg1 Qc7 16. b4 Nd7 17. Ndxb5 axb5 18. Nxb5 Qc8 19. Nxd6 Bxd6 20. Qxd6 Rd8 21. b5
Nde5 22. Qc5 Rxd1+ 23. Kxd1 Nxf3 24. bxc6 Bxc6 25. Rg3 Rb1+ 26. Ke2 Qa6+ 27.
Kxf3 Qxf1+ 28. Bf2 Qh1+ 29. Ke3 Qc1+ 30. Kf3 Qd1+ 31. Ke3 Qc1+ 32. Kf3 Qh1+ 33.
Ke3 Qxe4+ 34. Kd2 Qf4+ 35. Kc3 Rb8 36. Rd3 Rc8 37. Kb2 h5 1/2-1/2

[Event "8th London Classic 2016"]
[Site "London ENG"]
[Date "2016.12.16"]
[Round "7.1"]
[White "So, Wesley"]
[Black "Kramnik, Vladimir"]
[Result "1/2-1/2"]
[WhiteTitle "GM"]
[BlackTitle "GM"]
[WhiteElo "2794"]
[BlackElo "2809"]
[WhiteFideId "5202213"]
[BlackFideId "4101588"]
[EventDate "2016.12.09"]

1. d4 Nf6 2. c4 e6 3. Nf3 d5 4. Nc3 Be7 5. Bf4 O-O 6. e3 Nbd7 7. a3 c5 8. cxd5
Nxd5 9. Nxd5 exd5 10. dxc5 Nxc5 11. Be2 Qb6 12. b4 Ne6 13. Be5 a5 14. O-O axb4
15. axb4 Rxa1 16. Bxa1 Rd8 17. b5 Bc5 18. Qd2 d4 19. exd4 Nxd4 20. Bxd4 Bxd4 21.
Nxd4 Rxd4 22. Qe3 Be6 23. Ra1 h6 24. Ra8+ Kh7 25. Bd3+ g6 26. Ra4 Rd6 27. Qxb6
Rxb6 28. Rd4 Kg7 29. f4 Kf6 30. Kf2 Bf5 31. Bc4 Ke7 32. Ke3 f6 33. h4 Rd6 34.
Rxd6 Kxd6 35. Kd4 b6 36. g3 g5 1/2-1/2

[Event "8th London Classic 2016"]
[Site "London ENG"]
[Date "2016.12.16"]
[Round "7.2"]
[White "Adams, Michael"]
[Black "Caruana, Fabiano"]
[Result "1/2-1/2"]
[WhiteTitle "GM"]
[BlackTitle "GM"]
[WhiteElo "2748"]
[BlackElo "2823"]
[WhiteFideId "400041"]
[BlackFideId "2020009"]
[EventDate "2016.12.09"]

1. c4 c5 2. g3 g6 3. Bg2 Bg7 4. Nc3 Nc6 5. Nf3 e5 6. O-O d6 7. a3 a5 8. Ne1 Be6
9. d3 Nge7 10. Nc2 d5 11. cxd5 Nxd5 12. Ne3 Nb6 13. Nc4 O-O 14. Bxc6 bxc6 15.
Nxb6 Qxb6 16. Be3 Qxb2 17. Na4 Qb3 18. Nxc5 Qxd1 19. Rfxd1 Bd5 20. Rab1 Rfb8 21.
a4 f5 22. f3 Ba2 23. Rbc1 Rb2 24. Kf1 Bd5 25. Bd2 Ra2 26. Ke1 Bf8 27. Nd7 Bb3
28. Ra1 Rxa4 29. Rxa4 Bxa4 30. Ra1 Bb3 31. Rxa5 Rxa5 32. Bxa5 Bg7 33. Bc3 Be6
34. Nxe5 Bxe5 35. Bxe5 Kf7 36. Kd2 Bb3 37. e4 Ke6 38. Bg7 h5 39. Bf8 Kf7 40. Bc5
Ke6 41. h3 Ba4 42. Ke3 Bd1 43. Bb4 Kf7 44. Kf4 Ke6 45. g4 fxg4 46. fxg4 1/2-1/2

[Event "8th London Classic 2016"]
[Site "London ENG"]
[Date "2016.12.16"]
[Round "7.3"]
[White "Aronian, Levon"]
[Black "Anand, Viswanathan"]
[Result "1/2-1/2"]
[WhiteTitle "GM"]
[BlackTitle "GM"]
[WhiteElo "2785"]
[BlackElo "2779"]
[WhiteFideId "13300474"]
[BlackFideId "5000017"]
[EventDate "2016.12.09"]

1. d4 Nf6 2. c4 e6 3. Nf3 d5 4. Nc3 Be7 5. Bf4 O-O 6. e3 c5 7. dxc5 Bxc5 8. Bd3
dxc4 9. Bxc4 Qxd1+ 10. Rxd1 Bb4 11. Rd3 Ne4 12. O-O Bxc3 13. bxc3 Nc6 14. Bb5 f6
15. Bd6 Rd8 16. Rfd1 Rxd6 17. Rxd6 Nxd6 18. Rxd6 Kf7 19. Bxc6 Ke7 20. Bxb7 Bxb7
21. Rd4 Rc8 22. Rb4 Bd5 23. Ra4 Rxc3 24. Rxa7+ Kf8 25. h3 Rc1+ 26. Kh2 Rc2 27.
Kg3 Rxa2 28. Rxa2 Bxa2 29. Nd2 e5 30. f4 exf4+ 1/2-1/2

[Event "8th London Classic 2016"]
[Site "London ENG"]
[Date "2016.12.16"]
[Round "7.5"]
[White "Giri, Anish"]
[Black "Topalov, Veselin"]
[Result "1/2-1/2"]
[WhiteTitle "GM"]
[BlackTitle "GM"]
[WhiteElo "2771"]
[BlackElo "2760"]
[WhiteFideId "24116068"]
[BlackFideId "2900084"]
[EventDate "2016.12.09"]

1. c4 Nf6 2. d4 e6 3. Nf3 d5 4. Nc3 Be7 5. Bf4 O-O 6. e3 Nbd7 7. c5 c6 8. h3 b6
9. b4 a5 10. a3 h6 11. Be2 Ba6 12. O-O Qc8 13. Rb1 Bxe2 14. Qxe2 axb4 15. axb4
Qb7 16. Rfc1 Rfc8 17. Ne1 Bd8 18. Qd1 Bc7 19. Nd3 b5 20. Ra1 Ne4 21. Ne2 Bd8 22.
f3 Nef6 23. Nc3 Nf8 24. Rc2 Ng6 25. Rca2 Rxa2 26. Rxa2 Ra8 27. Qa1 Rxa2 28. Qxa2
Nxf4 29. exf4 Nd7 30. Ne2 Bc7 31. h4 Nb8 32. h5 Qa6 33. Qb2 f6 34. g4 Nd7 35.
Kf2 Qa8 36. Ke1 Kf7 37. Kd2 Kg8 38. Kd1 Kf7 39. Kc2 Qa4+ 40. Kc1 Qa8 41. Kb1 Qa7
42. Qc1 Qa8 43. Kb2 Bd8 44. Qg1 Be7 45. Nec1 Bd8 46. Nb3 Qb7 47. Qe3 Qa8 48. Qc1
Qa4 49. Qe1 Qa8 50. Qd2 Qa4 51. Nf2 Qa8 52. Nh3 Qc8 53. Qc2 Nf8 54. Nc1 Kg8 55.
Nd3 Nh7 56. Qe2 Nf8 57. Qe3 Qd7 58. Ng1 Qe8 59. Ne2 Bc7 60. Nec1 Kf7 61. Nb3 Ke7
62. Qe1 Kd7 63. Nbc1 Kc8 64. Ne2 Nd7 65. Ng3 Qf7 66. Qe3 Kb7 67. Ne2 1/2-1/2

[Event "8th London Classic 2016"]
[Site "London ENG"]
[Date "2016.12.17"]
[Round "8.1"]
[White "Caruana, Fabiano"]
[Black "So, Wesley"]
[Result "1/2-1/2"]
[WhiteTitle "GM"]
[BlackTitle "GM"]
[WhiteElo "2823"]
[BlackElo "2794"]
[WhiteFideId "2020009"]
[BlackFideId "5202213"]
[EventDate "2016.12.09"]

1. e4 e5 2. Nf3 Nc6 3. Bb5 Nf6 4. d3 Bc5 5. c3 O-O 6. O-O d5 7. exd5 Qxd5 8. Bc4
Qd8 9. Nbd2 a5 10. a4 h6 11. Re1 Bf5 12. Nf1 e4 13. Ng3 Bh7 14. dxe4 Qxd1 15.
Rxd1 Bxe4 16. Bf4 Bb6 17. Nxe4 Nxe4 18. Bg3 Rae8 19. Rd7 Nxg3 20. hxg3 Ne5 21.
Nxe5 Rxe5 22. Rad1 Rf5 23. R1d2 Re8 24. Kf1 Kf8 25. f3 Re7 26. Rd8+ Re8 27. R8d7
Re7 28. Rd8+ Re8 29. R2d7 Rxd8 30. Rxd8+ Ke7 31. Rg8 Rg5 32. g4 Bc5 33. Bd3 Bd6
34. Kf2 Kf6 35. Re8 Rd5 36. Ke2 Re5+ 37. Rxe5 Kxe5 1/2-1/2

[Event "8th London Classic 2016"]
[Site "London ENG"]
[Date "2016.12.17"]
[Round "8.3"]
[White "Kramnik, Vladimir"]
[Black "Giri, Anish"]
[Result "1/2-1/2"]
[WhiteTitle "GM"]
[BlackTitle "GM"]
[WhiteElo "2809"]
[BlackElo "2771"]
[WhiteFideId "4101588"]
[BlackFideId "24116068"]
[EventDate "2016.12.09"]

1. e4 c5 2. Nf3 d6 3. d4 cxd4 4. Nxd4 Nf6 5. Nc3 a6 6. g3 e5 7. Nde2 Be6 8. Bg2
h5 9. Bg5 Nbd7 10. Qd2 Be7 11. a4 Rc8 12. O-O Nf8 13. Bxf6 Bxf6 14. Rfd1 Be7 15.
Nd5 h4 16. Nec3 Nh7 17. Ra3 Rc6 18. Rb3 Qb8 19. Na2 Bxd5 20. Qxd5 Qc8 21. Nb4
Nf6 22. Qd2 Rc5 23. Rc1 hxg3 24. hxg3 g6 25. Rd3 Kf8 26. c3 Kg7 27. Rd1 Qd7 28.
b3 Qg4 29. c4 Nxe4 30. f3 Nxd2 31. fxg4 Nxc4 32. bxc4 Rxc4 33. Nd5 Bd8 34. Ra1
Rxg4 35. a5 e4 36. Rb3 Rh5 37. Ne3 Rgg5 38. Kf2 Rxa5 39. Rxa5 Rxa5 40. Bxe4 b5
41. Rd3 Be7 42. Kf3 Ra1 43. Nd5 Bd8 44. Nf4 Be7 45. Rc3 d5 46. Bxd5 Ra3 1/2-1/2

[Event "8th London Classic 2016"]
[Site "London ENG"]
[Date "2016.12.17"]
[Round "8.4"]
[White "Topalov, Veselin"]
[Black "Anand, Viswanathan"]
[Result "0-1"]
[WhiteTitle "GM"]
[BlackTitle "GM"]
[WhiteElo "2760"]
[BlackElo "2779"]
[WhiteFideId "2900084"]
[BlackFideId "5000017"]
[EventDate "2016.12.09"]

1. d4 Nf6 2. c4 e6 3. Nf3 d5 4. Nc3 Be7 5. Bf4 O-O 6. e3 c5 7. dxc5 Bxc5 8. a3
Nc6 9. Qc2 Re8 10. O-O-O e5 11. Bg5 d4 12. Nd5 b5 13. Bxf6 gxf6 14. cxb5 Na5 15.
exd4 exd4 16. Nb4 Bxb4 17. axb4 Be6 18. Nxd4 Rc8 19. Nc6 Nxc6 20. bxc6 Qb6 21.
Qa4 Rxc6+ 22. Kb1 Rd8 23. Rxd8+ Qxd8 24. Be2 Bf5+ 25. Ka2 Rc2 26. Rd1 Qb6 27.
Bg4 Qe6+ 28. Ka3 Qe5 29. Qb3 Bg6 30. Bf3 Rxf2 31. h4 Bc2 32. Rd8+ Kg7 33. Qc3
Qb5 34. Qc6 Rxf3+ 0-1

[Event "8th London Classic 2016"]
[Site "London ENG"]
[Date "2016.12.18"]
[Round "9.2"]
[White "Anand, Viswanathan"]
[Black "Kramnik, Vladimir"]
[Result "1/2-1/2"]
[WhiteTitle "GM"]
[BlackTitle "GM"]
[WhiteElo "2779"]
[BlackElo "2809"]
[WhiteFideId "5000017"]
[BlackFideId "4101588"]
[EventDate "2016.12.09"]

1. d4 Nf6 2. c4 e6 3. Nf3 d5 4. Nc3 Be7 5. Bf4 O-O 6. e3 b6 7. Bd3 c5 8. dxc5
bxc5 9. O-O Nc6 10. cxd5 exd5 11. Rc1 h6 12. h3 Be6 13. Bb5 Qb6 14. Qa4 Rfc8 15.
Ne5 Nxe5 16. Bxe5 a6 17. Be2 Rd8 18. Bf3 Nd7 19. Bg3 Nf6 20. Rfd1 Rac8 21. Be5
Nd7 22. Bg3 Nf6 23. Be5 Nd7 24. Bg3 Nf6 1/2-1/2